Normal view
MARC view
- COVID-19 (Disease)
Entry Topical Term
001 - CONTROL NUMBER
- control field: 100684
003 - CONTROL NUMBER IDENTIFIER
- control field: NUST
005 - DATE AND TIME OF LATEST TRANSACTION
- control field: 20221018154058.0
008 - FIXED-LENGTH DATA ELEMENTS
- fixed length control field: 221018|| aca||aabn | a|a d
040 ## - CATALOGING SOURCE
- Original cataloging agency: NUST
- Transcribing agency: NUST
150 ## - HEADING--TOPICAL TERM
- Topical term or geographic name entry element: COVID-19 (Disease)
- General subdivision: Forecasting
670 ## - SOURCE DATA FOUND
- Source citation: Work cat.: (NUST)0: Lewis, Michael (Michael M.), author. 93758, The premonition :, 2021
